| 000 | 00473nam a22002057a 4500 | ||
|---|---|---|---|
| 003 | bpm | ||
| 005 | 20260421080725.0 | ||
| 008 | 260421b |||||||| |||| 00| f spa d | ||
| 020 | _a950041674322077 | ||
| 024 | _aS. C. C. / M. C. y E. M.: | ||
| 040 | _aAR-CtUCP | ||
| 041 | _aspa | ||
| 080 | _aCDU | ||
| 100 | _aPilcher Rosamunde | ||
| 245 | _aSeptiembre | ||
| 260 |
_aBarcelona _bEmecé _c1991 |
||
| 650 | _aLiteratura - Novela | ||
| 942 | _cLIB | ||
| 999 |
_c76667 _d76667 |
||